| 000 | 01484cam a2200349 a 4500 | ||
|---|---|---|---|
| 001 | EDZ0000071555 | ||
| 003 | StDuBDS | ||
| 005 | 20161031105128.0 | ||
| 006 | m||||||||d|||||||| | ||
| 007 | cr ||||||||||| | ||
| 008 | 120405s2004 caua fo| 001|0|eng d | ||
| 020 |
_a9781452204604 (ebook) : _cNo price |
||
| 040 |
_aStDuBDS _beng _cStDuBDS _epn |
||
| 049 | _aAlfaisal Main Library | ||
| 050 | 0 |
_aHD38.5 _b.M463 2004 |
|
| 082 | 0 | 4 |
_a658.5 _223 |
| 100 | 1 | _aMentzer, John T. | |
| 245 | 1 | 0 |
_aFundamentals of supply chain management _h[electronic resource] : _btwelve drivers of competitive advantage / _cJohn T. Mentzer. |
| 260 |
_aThousand Oaks, Calif. ; _aLondon : _bSAGE, _cc2004. |
||
| 300 |
_a1 online resource (293 p.) : _bill. |
||
| 504 | _aIncludes bibliographical references and index. | ||
| 520 | 8 | _aThis text introduces 12 'drivers' for success based on the author's extensive research and experience in consulting. The roles of all the traditional business functions in supply chain management - marketing, sales, logistics, etc. - are also addressed. | |
| 521 | _aSpecialized. | ||
| 588 | _aDescription based on print version record. | ||
| 650 | 0 | _aBusiness logistics. | |
| 650 | 0 | _aStrategic planning. | |
| 655 | 7 |
_aElectronic books. _2local |
|
| 710 | 2 | _aSage eBooks | |
| 776 | 0 | 8 |
_iPrint version : _z9780761929086 |
| 856 | 4 | 0 | _uhttp://ezproxy.alfaisal.edu/login?url=http://sk.sagepub.com/books/fundamentals-of-supply-chain-management |
| 942 |
_2lcc _cEBOOKS |
||
| 999 |
_c479927 _d479927 |
||